000 02764cam a22005414i 4500
003 PE-LiUPU
005 20250731172817.0
008 150617s1973 xxu rb 000 0 spa d
035 _a(Sirsi) a13858
040 _aPE-LiUPU
_bspa
_cPE-LiUPU
_erda
049 _aPRUA
082 0 4 _a234.9
_bW99
_221
100 1 _aWynkoop, Mildred Bangs,
_eautor.
245 1 0 _aBases teológicas de Arminio y Wesley /
_cpor Mildred Bangs Wynkoop ; vertida al castellano por la Dra. Lucia G. de Costa, bajo los auspicios de la Junta Internacional de Publicaciones.
264 1 _aKansas City :
_bCasa Nazarena,
_c1973.
300 _a135 páginas ;
_c19 centímetros
336 _atext
_2rdacontent
337 _aunmediated
_2rdamedia
338 _avolume
_2rdacarrier
504 _aIncluye bibliografía.
505 0 _aAntecedentes de la doctrina de la Predestinación personal -- Desarrollo de la doctrina de la predestinación personal -- Características teológicas del Calvinismo, Arminianismo y Wesleyanismo -- Influencia Wesleyana sobre la teología clásica -- Tensiones Teológicas Suscitadas por la doctrina de la predestinación particular -- Influencia de la doctrina Wesleyana del espíritu santo sobre la teología.
526 _aSEG42
526 _aSEG41
526 _aSEG40
526 _aSEG39
526 _aP94
526 _aP87
526 _aP86
526 _aP85
526 _aP77
526 _aP76
526 _aP35
650 1 4 _aArminianismo.
600 0 4 _aWesley, John,
_d1703-1791
_xTeología.
910 _ajck
_bjvq
_cjck
_d20150616
942 _2ddc
_cBOOK
949 _a234.9 W99
_wDEWEY
_c1
_i16727
_lCCODEBUL1
_mBUL
_p25.00
_r0
_sY
_tBOOK
_u19790604
_xTEOLOGIA
_PP35
_0COMPRA
_o.STAFF. Colección Teología
949 _a234.9 W99
_wDEWEY
_c2
_i24430
_lCCODEBUL1
_mBUL
_p25.00
_r0
_sY
_tBOOK
_u19790604
_xTEOLOGIA
_PP35
_0COMPRA
_o.STAFF. Colección Teología
949 _a234.9 W99
_wDEWEY
_c3
_i20847
_lCCODEBUL1
_mBUL
_p25.00
_r0
_sY
_tBOOK
_u19790604
_xTEOLOGIA
_PP35
_0COMPRA
_o.STAFF. Colección Teología
994 _aC0
_bPEPRU
596 _a1
999 _a234.9 W99
_wDEWEY
_c4271
_i16727
_d4271
_e2016-1-31
_f2021-11-11
_g5
_lCCODEBUL1
_mBUL
_n2
_p25.00
_q2
_r0
_sY
_tBOOK
_u2015-6-17
_xTEOLOGIA
_PP35
_0COMPRA
_o.STAFF. Colección Teología
999 _a234.9 W99
_wDEWEY
_c2
_i24430
_d2018-5-27
_f2021-11-11
_g5
_lCCODEBUL1
_mBUL
_p25.00
_q3
_r0
_sY
_tBOOK
_u2015-6-17
_xTEOLOGIA
_PP35
_0COMPRA
_o.STAFF. Colección Teología
999 _a234.9 W99
_wDEWEY
_c3
_i20847
_d2017-11-14
_e2017-11-13
_f2021-11-11
_g5
_lCCODEBUL1
_mBUL
_n1
_p25.00
_r0
_sY
_tBOOK
_u2015-6-17
_xTEOLOGIA
_PP35
_0COMPRA
_o.STAFF. Colección Teología
980 _81
_gALBERTO SANCHEZ Responsable de Automatización